Catálogo
Digital

Catálogo
Digital

Celos entre hermanos (Record no. 14408)

MARC details
000 -CABECERA
campo de control de longitud fija 01251nam a2200313 4500
003 - IDENTIFICADOR DEL NÚMERO DE CONTROL
campo de control EC-UNACH
006 - CÓDIGOS DE INFORMACIÓN DE LONGITUD FIJA--CARACTERÍSTICAS DEL MATERIAL ADICIONAL
campo de control de longitud fija s||||gr|||| 00| 00
008 - DATOS DE LONGITUD FIJA--INFORMACIÓN GENERAL
campo de control de longitud fija 150116t9999 mx r gr 000 0 spa d
020 ## - NÚMERO INTERNACIONAL ESTÁNDAR DEL LIBRO
Número Internacional Estándar del Libro 84-7901-539-X
040 ## - FUENTE DE LA CATALOGACIÓN
Centro catalogador/agencia de origen EC-UNACH
Centro/agencia transcriptor EC-UNACH
041 ## - CÓDIGO DE LENGUA
Código de lengua del texto/banda sonora o título independiente spa
082 04 - NÚMERO DE LA CLASIFICACIÓN DECIMAL DEWEY
Número de edición 23
Número de clasificación 370.15
Número de documento/Ítem L017421
100 ## - ENTRADA PRINCIPAL--NOMBRE DE PERSONA
Nombre de persona Krammerer, Doro
245 ## - MENCIÓN DE TÍTULO
Título Celos entre hermanos
250 ## - MENCIÓN DE EDICIÓN
Mención de edición Primera Edición
264 ## - Producción, publicación, distribución, fabricación y copyright
Lugar de producción, publicación, distribución, fabricación Barcelona
Nombre del de productor, editor, distribuidor, fabricante RBA Libros S.A.
Fecha de de producción, publicación, distribución, fabricación o copyright 2000
300 ## - DESCRIPCIÓN FÍSICA
Extensión 95 p.
Otras características físicas Ilustraciones
Dimensiones 23 cm.
500 ## - NOTA GENERAL
Nota general Como fomentar el amor entre los hermanos, en una etapa en la que las emociones de nuestros hijos pasan por una dura prueba en el camino hacia la madurez
501 ## - NOTA DE "CON"
Nota de “Con” son normales las rabietas y agresiones de un niño hacia su hermano, ¿Qué pueden hacer los padres para fomentar una relación de cariño entre hermanos
504 ## - NOTA DE BIBLIOGRAFÍA, ETC.
Bibliografía, etc. Bibliografía
505 ## - NOTA DE CONTENIDO CON FORMATO
Nota de contenido con formato La barriga va creciendo.- El trono se tambalea.- El pequeño empieza a valerse por si mismo.- Aprende a vivir.- No hay dos niños iguales.- Peleas de mucho cuidado
650 ## - PUNTO DE ACCESO ADICIONAL DE MATERIA--TÉRMINO DE MATERIA
Término de materia o nombre geográfico como elemento inicial EMBARAZO
650 ## - PUNTO DE ACCESO ADICIONAL DE MATERIA--TÉRMINO DE MATERIA
Término de materia o nombre geográfico como elemento inicial AMOR
650 ## - PUNTO DE ACCESO ADICIONAL DE MATERIA--TÉRMINO DE MATERIA
Término de materia o nombre geográfico como elemento inicial SENTIMIENTOS
942 ## - ELEMENTOS DE PUNTO DE ACCESO ADICIONAL (KOHA)
Fuente del sistema de clasificación o colocación Clasificación Decimal Dewey
Tipo de ítem Koha Libros
999 ## - NÚMEROS DE CONTROL DE SISTEMA (KOHA)
Koha biblionumber 14408
Holdings
Estado de pérdida Fuente del sistema de clasificación o colocación Estado dañado No para préstamo Localización permanente Ubicación/localización actual Ubicación en estantería Fecha de adquisición Número de inventario Total de préstamos Signatura topográfica completa Fecha visto por última vez Precio válido a partir de Tipo de ítem Koha Centro de costos
  Clasificación Decimal Dewey     Biblioteca Campus Sur Biblioteca Campus Sur Fac. Cs Educación - Psicología Educativa 13/03/2026 39933091   370.15 KAM. L017421 13/03/2026 13/03/2026 Libros  

Powered by Koha